| 000 | 00388nam a2200169Ia 4500 | ||
|---|---|---|---|
| 008 | 220531s9999 xx 000 0 und d | ||
| 041 | _aeng | ||
| 082 | _bSHA | ||
| 100 |
_aShakespeare ,. William _939851 |
||
| 245 | _aTemplest | ||
| 260 |
_bUBSBD _c1995 |
||
| 300 | _a546 | ||
| 542 | _d12-06-1998 | ||
| 650 |
_aEnglish _939852 |
||
| 906 |
_d1998-1999 _f6655 |
||
| 999 |
_c24000 _d24000 |
||